00000000nam 2200000zi 4500
0019.633152
003CaOODSP
00520251103144954
006m     o  d f      
007cr cn|||||||||
008150407e199905##onc|||||ob   f000 0 fre d
020 |z0662642783
040 |aCaOODSP|bfre|erda|cCaOODSP
043 |an-cn---
0861 |aJ2-161/1999F-PDF|zJ2-161/1999
24513|aLa Loi sur la corruption d'agents publics étrangers : |bun guide.
264 1|aOttawa (Ontario) : |bMinistère de la justice Canada, |cmai 1999.
300 |a1 ressource en ligne (13 pages)
336 |atexte|btxt|2rdacontent/fre
337 |ainformatique|bc|2rdamedia/fre
338 |aressource en ligne|bcr|2rdacarrier/fre
500 |aPublié aussi en anglais sous le titre : The Corruption of Foreign Public Officials Act : a guide.
504 |aComprend des références bibliographiques (page 13).
590 |a06-11-Supp|b2006-10-10
650 6|aAgents étrangers|xDroit|zCanada.
650 6|aFonction publique|xPratiques déloyales|zCanada.
651 6|aCanada. |xRelations extérieurs |xDroit.
7101 |aCanada. |bMinistère de la justice, |eorganisme de publication.
77508|tThe Corruption of Foreign Public Officials Act : |w(CaOODSP)9.688736
85640|ahttp://publications.gc.ca|qPDF|s65 Ko|uhttps://publications.gc.ca/collections/Collection/J2-161-1999F.pdf